Mother Sauces Quiz Stats

 Plays Quiz Updated Sep 18, 2013

Support Sporcle.
Go Orange.
Score 0/5 Timer 02:00
0 Plays Today
Sauce % Correct
Hollandaise
65.5%
Tomate
55.9%
Béchamel
54%
Velouté
20.6%
Espagnole
16.9%

You're not logged in!

Compare scores with friends on all Sporcle quizzes.
OR
Log In
Forgot?

From the Vault

Venomous Animals

by Cutthroat

Science 2m
Make sure you have poison control on speed dial before you take this quiz.
Remove Ads.
Support Sporcle.
Get the best of Sporcle when you Go Orange. This ad-free experience offers more features, more stats, and more fun while also helping to support Sporcle. Thank you for becoming a member.

Show Comments

Extras

Top Quizzes Today


Score Distribution

Your Account Isn't Verified!

In order to create a playlist on Sporcle, you need to verify the email address you used during registration. Go to your Sporcle Settings to finish the process.

Report this User

Report this user for behavior that violates our Community Guidelines.

Details: